O lepší život na dedine

Bibliographic Details
Format: Book
Language:Slovak
Czech
PhysicalDescription:61, [2] s. 8°
Published: [Praha] Ministerstvo zemedelstva 1946
Subjects:

MARC

LEADER 00000cam a2200000 a 4500
001 vtls008388159
003 SK-MaSNL
005 20260302020053.0
008 181121s1946 xr 000 0 slo
015 |a SKSNBA19451955-008350 
035 |a SK01SNKBKSFS20010080376 
035 |a SKM000082839 
040 |a SNK  |b slo  |c SNK  |e AACR2 
041 1 |a slo  |h cze 
044 |a xr  |c CZ 
080 |a 63  |2 1981 
245 0 0 |a O lepší život na dedine 
260 |a [Praha]  |b Ministerstvo zemedelstva  |c 1946  |e Český Těšín  |f Svoboda 
300 |a 61, [2] s.  |c 8° 
500 |a Na obálke: Rozhovory s roľníkmi. O lepší život na dedine 
650 0 7 |a dedina  |x prestavba socialistická  |2 SNK  |9 662567 
655 7 |a knihy  |2 SNKPH  |9 307098 
852 |a Slovenská národná knižnica v Martine  |b 10000  |h SD 8753 
958 |a RK 
958 |a TL 
999 |c 1023713  |d 1025643 
952 |a SNK  |b SNK  |y VYP  |7 0  |p 17A1185240  |o snkSD 8753 D1  |i snkD 152/61  |8 1  |0 0  |1 0  |4 0  |d 2016-07-11  |l 0  |r 2026-02-24 13:31:32  |w 2026-02-24 
952 |a SNK  |b SNK  |y PREZ  |7 0  |p 17A0381213  |o snkSD 8753  |i snk1744/54  |0 0  |1 0  |4 0  |d 2003-05-15  |l 0  |r 2025-11-21 00:00:00  |w 2026-02-24